NAMA BETA SULTAN ALAUDDIN / (Record no. 200338)

MARC details
000 -LEADER
fixed length control field 00929nam a2200253 i 4500
005 - DATE AND TIME OF LATEST TRANSACTION
control field 20250807151635.0
008 - FIXED-LENGTH DATA ELEMENTS--GENERAL INFORMATION
fixed length control field 250807s2025 my gr 000 1 may d
020 ## - INTERNATIONAL STANDARD BOOK NUMBER
International Standard Book Number 9786297561486
Terms of availability RM29.00
Qualifying information paperback
040 ## - CATALOGING SOURCE
Original cataloging agency PPAK
Language of cataloging eng
Transcribing agency PPAK
Description conventions rda
082 04 - DEWEY DECIMAL CLASSIFICATION NUMBER
Edition number 23
Classification number 899.2333
090 00 - LOCALLY ASSIGNED LC-TYPE CALL NUMBER (OCLC); LOCAL CALL NUMBER (RLIN)
Classification number (OCLC) (R) ; Classification number, CALL (RLIN) (NR) 899.2333
Feature heading FAI
Feature heading G
100 0# - MAIN ENTRY--PERSONAL NAME
Personal name Faisal Tehrani,
Dates associated with a name 1974-
Relator term author.
245 10 - TITLE STATEMENT
Title NAMA BETA SULTAN ALAUDDIN /
Statement of responsibility, etc. FAISAL TEHRANI ; Ketua Editor: Azam Ahmad ; Reka Letak & Kulit: Dr. Syahirah Salehuddin
264 #1 - PRODUCTION, PUBLICATION, DISTRIBUTION, MANUFACTURE, AND COPYRIGHT NOTICE
Place of production, publication, distribution, manufacture Kajang, Selangor :
Name of producer, publisher, distributor, manufacturer JIWA sebuah imprin oleh JT Publishing House Sdn Bhd,
Date of production, publication, distribution, manufacture, or copyright notice 2025
300 ## - PHYSICAL DESCRIPTION
Extent 131 pages ;
Dimensions 20 cm
336 ## - CONTENT TYPE
Content type term text
Source rdacontent
337 ## - MEDIA TYPE
Media type term unmediated
Source rdamedia
338 ## - CARRIER TYPE
Carrier type term volume
Source rdacarrier
650 10 - SUBJECT ADDED ENTRY--TOPICAL TERM
Topical term or geographic name entry element Malay fiction
Topical term or geographic name entry element Malaysian fiction (Malay)
700 0# - ADDED ENTRY--PERSONAL NAME
Personal name Azam Ahmad,
Relator term editor.
Personal name Syahirah Salehuddin,
Titles and other words associated with a name Dr.,
Relator term illustrator.
942 ## - ADDED ENTRY ELEMENTS (KOHA)
Source of classification or shelving scheme Dewey Decimal Classification
Koha item type Book
Holdings
Withdrawn Not for loan Current library Shelving location Date acquired Total Checkouts Total Renewals Full call number Barcode Checked out Date last seen Date last checked out Koha item type
    Perpustakaan Alor Setar Pinjaman Dewasa 12/08/2025 1 1 899.2333 FAI A01872816 29/04/2026 19/03/2026 19/03/2026 Book
    Perpustakaan Awam Sungai Petani Pinjaman Dewasa 12/08/2025 1   899.2333 FAI A01872817   29/11/2025 03/11/2025 Book
    Perpustakaan Baling Pinjaman Dewasa 12/08/2025 1   899.2333 FAI A01872821 06/04/2026 16/03/2026 16/03/2026 Book
    Perpustakaan Bandar Baharu Pinjaman Dewasa 12/08/2025     899.2333 FAI A01872822   12/08/2025   Book
    Perpustakaan Jitra Pinjaman Dewasa 12/08/2025 2   899.2333 FAI A01872818   04/01/2026 20/12/2025 Book
    Perpustakaan Kuala Nerang Pinjaman Dewasa 12/08/2025     899.2333 FAI A01872826   12/08/2025   Book
    Perpustakaan Kulim Pinjaman Dewasa 12/08/2025     899.2333 FAI A01872820   12/08/2025   Book
    Perpustakaan Langkawi Pinjaman Dewasa 12/08/2025     899.2333 FAI A01872819   12/08/2025   Book
    Perpustakaan Merbok Pinjaman Dewasa 12/08/2025     899.2333 FAI A01872823   12/08/2025   Book
    Perpustakaan Pendang Pinjaman Dewasa 12/08/2025     899.2333 FAI A01872827   12/08/2025   Book
    Perpustakaan Sik Pinjaman Dewasa 12/08/2025 1 1 899.2333 FAI A01872825   05/01/2026 25/11/2025 Book
    Perpustakaan Yan Pinjaman Dewasa 12/08/2025     899.2333 FAI A01872824   12/08/2025   Book